000 00557nam a22001937a 4500
003 KOHA_MİRAKIL
005 20251116173449.0
008 251116b tu ||||| |||| 00| 0 tur d
020 _a9786254054211
040 _aTR-AnABB
_btur
_cTR-AnABB
041 _atur
082 _a823.914
_bGRE 2021
100 1 _aGreene, Graham,
245 1 0 _aİstanbul treni /
_cGraham Greene
260 _aİstanbul :
_bTürkiye İş Bankası Kültür Yayınları,
_c2021
300 _a234 sayfa ;
_c21 cm
650 0 4 _aİngiliz edebiyatı, roman
942 _2ddc
_cBK
999 _c9471
_d9471
900 _bGizem YORULMAZ